| 000 | 00707nam a2200229 a 4500 | ||
|---|---|---|---|
| 005 | 20140310183510.0 | ||
| 008 | 101021s19uu xx 00 eng d | ||
| 020 | _a9780240810829 | ||
| 050 |
_aPN 1995.9.P7 _b.K538 2009 |
||
| 100 | _aMusburger, Robert B. | ||
| 245 |
_aIntroduction to media production : _bthe path to digital media production / _cRobert B. Musburger |
||
| 250 | _a4th ed. | ||
| 260 |
_aAmsterdam : _bFocal Press, _c2009. |
||
| 300 |
_a509 p. : _bill. ; _c25 cm. |
||
| 521 | _aMA | ||
| 650 |
_aTelevision _xProduction and direction. |
||
| 650 | _aAnalog electronic systems. | ||
| 650 | _aDigital electronics. | ||
| 700 | _aKindem, Gorham | ||
| 942 |
_cBK _2lcc _kFOR |
||
| 999 |
_c24147 _d24147 |
||